[Event "SVK-chT2A 1415"]
[Site "Slovakia"]
[Date "2014.10.11"]
[Round "1.6"]
[White "Svaralova, Monika"]
[Black "Hlubovic, Michal"]
[Result "1-0"]
[WhiteElo "1958"]
[BlackElo "1776"]
[PlyCount "83"]
[EventDate "2014.10.11"]
[EventType "team-tourn"]
[EventRounds "11"]
[EventCountry "SVK"]
[SourceTitle "EXT 2016"]
[Source "ChessBase"]
[SourceDate "2015.10.08"]
[SourceVersion "1"]
[SourceVersionDate "2015.10.08"]
[SourceQuality "1"]
[WhiteTeam "Bratislava Lokomotiva"]
[BlackTeam "Modra II"]
[WhiteTeamCountry "SVK"]
[BlackTeamCountry "SVK"]

1. d4 Nf6 2. c4 d6 3. Nc3 g6 4. e4 Bg7 5. Nf3 0-0 6. Be2 Nbd7 7. 0-0 e5 8. d5 h6 9. b4 b6 10. Ba3 a5 11. Qc2 axb4 12. Bxb4 Nh7 13. a4 Nb8 14. a5 Na6 15. Ba3 bxa5 16. c5 Bg4 17. Bxa6 Rxa6 18. Nd2 f5 19. f3 Bh5 20. Nb5 Qd7 21. Qd3 dxc5 22. Bxc5 Rfa8 23. Qc4 Kh8 24. Ba3 Nf6 25. Nxc7 Rc8 26. Qxa6 Rxc7 27. Rfc1 fxe4 28. Rxc7 Qxc7 29. Rc1 Qd7 30. fxe4 Qa4 31. Qc8+ Kh7 32. Qc3 Nxe4 33. Nxe4 Qxe4 34. d6 Qd5 35. Qc5 Qd2 36. Kh1 e4 37. Qc2 Qf4 38. Qc7 e3 39. Bb2 Qf8 40. Qxg7+ Qxg7 41. Bxg7 Kxg7 42. d7 1-0

[Event "SVK-chT2A 1213"]
[Site "Slovakia"]
[Date "2012.12.01"]
[Round "3.7"]
[White "Hlubovic, Michal"]
[Black "Puobis, Jozef"]
[Result "0-1"]
[WhiteElo "1834"]
[BlackElo "1910"]
[PlyCount "80"]
[EventDate "2012.10.13"]
[EventType "team-tourn"]
[EventRounds "11"]
[EventCountry "SVK"]
[SourceTitle "EXT 2015"]
[Source "ChessBase"]
[SourceDate "2014.11.20"]
[SourceVersion "1"]
[SourceVersionDate "2014.11.20"]
[SourceQuality "1"]
[WhiteTeam "Modra II"]
[BlackTeam "Gabcikovo"]
[WhiteTeamCountry "SVK"]
[BlackTeamCountry "SVK"]

1. g3 e5 2. e4 Nc6 3. Bg2 Nf6 4. d3 d6 5. Ne2 Bg4 6. h3 Be6 7. 0-0 Qd7 8. Kh2 d5 9. f4 dxe4 10. dxe4 0-0-0 11. Qxd7+ Rxd7 12. c3 Bc4 13. Re1 Bc5 14. Na3 Bd3 15. fxe5 Nxe5 16. Nf4 h5 17. Nd5 Nfg4+ 18. Kh1 Nf2+ 19. Kg1 Nxh3+ 20. Kh2 Nf2 21. b4 Neg4+ 22. Kg1 Nh3+ 23. Kh1 Bf2 24. Rd1 Bxg3 25. Bxh3 Bxe4+ 26. Bg2 Nf2+ 27. Kg1 Bxg2 28. c4 Bxd5 29. Rxd5 Rxd5 30. cxd5 Rd8 31. Be3 Ng4 32. Bd4 f6 33. Bc5 Rxd5 34. Nb5 a6 35. Nc3 Rd3 36. Ne4 b6 37. Bf8 Be5 38. Rc1 f5 39. Ng5 Rg3+ 40. Kf1 Nh2+ 0-1